Score 0/15 Timer 03:00
0 Plays Today
Number Top Export Countries % Correct
4.Russia
99.3%
11.United States
96.1%
3.United Kingdom
95%
5.Poland
92.8%
1.Sweden
88.4%
2.France
88.4%
8.Ukraine
87.3%
7.Germany
86.9%
Number Top Export Countries % Correct
9.Finland
86.7%
15.Canada
82.4%
13.Italy
73.7%
14.Belarus
72.4%
6.Netherlands
63.1%
10.Latvia
58.4%
12.Singapore
6.3%
Remove Ads.
Support Sporcle.
Get the best of Sporcle when you Go Orange. This ad-free experience offers more features, more stats, and more fun while also helping to support Sporcle. Thank you for becoming a member.

You're not logged in!

Compare scores with friends on all Sporcle quizzes.
OR
Log In

Show Comments

Extras

Top Quizzes Today


Score Distribution

Your Account Isn't Verified!

In order to create a playlist on Sporcle, you need to verify the email address you used during registration. Go to your Sporcle Settings to finish the process.

Report this User

Report this user for behavior that violates our Community Guidelines.

Details: